00393nam a22001337a 4500003000700000005001700007008004100024082002400065100004100089245004600130260004900176300000800225650002600233MPLRDC20220104142810.0210129b ||||| |||| 00| 0 eng d a051.53887 ND-2 1992 a南大全球校友联欢会筹委会 a南洋大学全球校友联欢会特刊c ab南大全球校友联欢会筹委会c1992 b平 a学术纪要、学刊